000 00589nam a2200241 a 4500
001 nice12345678
003 IN_TiNIC
005 20260116011806.0
008 050524s1974 beia grc 000 0 03g
020 _a
_c100
082 0 0 _a223.2
_bJAD
100 _aJadeed, Iskandar
245 _aAl-Murshid-Ila Salat
_b Yamin-Ur-Rabbi-Murtafah.
260 _aBeirut
_bMarkaz Ilshabiyata
_c1974
300 _a208p
500 _aincludes index and biblioraphy
505 2 _aAppendix
650 _aPsalms
700 1 _aJadeed, Iskandar
902 _bSRS
942 _cPC
999 _c4003
_d4003